01067nam a2200229 a 450000100100000000500170001000800410002702000150006804000250008310000350010824501030014326000940024630000200034049000220036050400270038271000550040983000290046495201110049395201110060495201050071599900170082000004047320201002034144.0130826s2002 mx 000 0 spa d a9683690432 aDO-SdBNPbspacBNPHU1 aCácere Nieto, Enrique96677410aLenguaje y derecho :blas normas jurídicas como sistema de enunciados /cEnrique Cácere Nieto. aMéxico :bUniversidad Nacional Autónoma de México :,c2002.bCámara de Diputados. a79 p. ;c22 cm.1 aNuestros derechos aBibliografía : p. 792 aUniversidad Nacional Autónoma de México942447 0aNuestros derechos966667 001050718MOaGRbGRcCTd2013-08-26iLF1l0o p40473-10r2020-06-25te. 3w2020-06-25y1ZNo se presta 001050718MOaGRbGRcCTd2013-08-26iLF1l0o p40473-20r2020-06-25te. 3w2020-06-25y1ZNo se presta 001050718MOaGRbGRcCTd2013-08-26iLF1l0o p40473-30r2020-06-25w2020-06-25y1ZNo se presta c39963d39963